| 000 | 01582nam a22003734a 4500 | ||
|---|---|---|---|
| 001 | ebr10115158 | ||
| 003 | CaPaEBR | ||
| 006 | m u | ||
| 007 | cr cn||||||||| | ||
| 008 | 040528s2004 nyu sb 001 0 eng | ||
| 010 | _z 2004012669 | ||
| 020 | _z1593320604 (alk. paper) | ||
| 040 |
_aCaPaEBR _cCaPaEBR |
||
| 035 | _a(OCoLC)58720533 | ||
| 043 | _an-us--- | ||
| 050 | 1 | 4 |
_aHV640.5.H58 _bK46 2004eb |
| 082 | 0 | 4 |
_a305.895/942073 _222 |
| 100 | 1 |
_aKeown-Bomar, Julie, _d1966- |
|
| 245 | 1 | 0 |
_aKinship networks among Hmong-American refugees _h[electronic resource] / _cJulie Keown-Bomar. |
| 260 |
_aNew York : _bLFB Scholarly Pub., _c2004. |
||
| 300 | _ax, 193 p. | ||
| 490 | 1 | _aThe new Americans | |
| 504 | _aIncludes bibliographical references (p. 175-190) and index. | ||
| 505 | 0 | _aDoing kinship -- Hmong history and culture -- Rupture and resilience -- We know the way to be human -- Gender, the family, and change -- Lessons for the future. | |
| 533 |
_aElectronic reproduction. _bPalo Alto, Calif. : _cebrary, _d2013. _nAvailable via World Wide Web. _nAccess may be limited to ebrary affiliated libraries. |
||
| 650 | 0 |
_aRefugees _xSocial networks _zUnited States. |
|
| 650 | 0 |
_aHmong Americans _xSocial networks. |
|
| 650 | 0 |
_aKinship _zUnited States. |
|
| 650 | 0 | _aHmong (Asian people) | |
| 655 | 7 |
_aElectronic books. _2local |
|
| 710 | 2 | _aebrary, Inc. | |
| 830 | 0 | _aNew Americans (LFB Scholarly Publishing LLC) | |
| 856 | 4 | 0 |
_uhttp://site.ebrary.com/lib/rucke/Doc?id=10115158 _zAn electronic book accessible through the World Wide Web; click to view |
| 999 |
_c103503 _d103503 |
||